| 000 | 00405nam a2200169Ia 4500 | ||
|---|---|---|---|
| 003 | 0STCL | ||
| 008 | 150530s9999 xx 000 0 und d | ||
| 040 |
_aSTCL _cSTCL |
||
| 100 | _aRamapurathu Warrier | ||
| 245 | _aBhasha Ashtapadi | ||
| 260 |
_bKerala Sahitya Academi; Thrissur _c1977 _aThrissur |
||
| 300 | _a0 | ||
| 546 | _aMalayalam | ||
| 942 |
_2ddc _cBK |
||
| 999 |
_c46619 _d46619 |
||
| 005 | 20220125170711.0 | ||